Detalles MARC
| 000 -LEADER |
| longitud fija campo de control |
02083nam a22005297a 4500 |
| 003 - IDENTIFICADOR DE NUMERO DE CONTROL |
| control del campo |
AR-RoUNA |
| 005 - FECHA DE LA ULTIMA MODIFICACION |
| control del campo |
20251016114549.0 |
| 040 ## - ORIGEN DE LA CATALOGACION |
| Agencia que cataloga la obra original |
AR-RoUNA |
| Idioma en que se cataloga |
spa |
| Entidad que modifico el registro |
AR-RoUNA |
| 041 ## - CODIGO DE IDIOMA |
| Codigo de idioma del texto / sonido o titulo separado |
ita |
| 044 ## - CODIGO DE PAIS / ENTIDAD PRODUCTORA |
| Codigo MARC del pais |
ag |
| 100 ## - ASIENTO PRINCIPAL - NOMBRE PERSONAL |
| Nombre personal |
Insolera, Italo |
| 9 (RLIN) |
27507 |
| 245 10 - TITULO PROPIAMENTE DICHO |
| Titulo |
Roma moderna |
| Subtitulo |
: un secolo di storia urbanistica / |
| Mencion de responsabilidad, etc |
Italo Insolera. |
| 250 ## - MENCION DE EDICION |
| Edicion declarada |
2a. ed. |
| 260 ## - EDITORIAL - PUBLICACION, DISTRIBUCION, ETC. (Pie de imprenta) |
| Lugar de publicacion, distribucion, etc |
Roma: |
| Nombre del editor, distribuidor, etc |
editore S.p.A. Torino, |
| Fecha de publicacion |
1962. |
| 300 ## - DESCRIPCION FISICA |
| Extension |
279 p.: |
| Otros detalles fisicos |
fot. byn., |
| -- |
mapas, |
| Dimensiones |
18x11 cm. |
| 490 ## - MENCION DE SERIE |
| Titulo de la serie |
Piccola Biblioteca Einaudi |
| Numero del volumen / designacion secuencial |
v. 25 |
| 505 0# - NOTA DE CONTENIDO CON FORMATO |
| Título |
INDICE |
| 505 0# - NOTA DE CONTENIDO CON FORMATO |
| Título |
I. Roma capital Pontificia. p. 9 |
| 505 0# - NOTA DE CONTENIDO CON FORMATO |
| Título |
II. El 1870. p. 16 |
| 505 0# - NOTA DE CONTENIDO CON FORMATO |
| Título |
III. El Plan Pegulador de 1873. p. 29 |
| 505 0# - NOTA DE CONTENIDO CON FORMATO |
| Título |
IV. Las Leyes especiales y el plan regulador de 1883. p. 40. |
| 505 0# - NOTA DE CONTENIDO CON FORMATO |
| Título |
V. La "Fiebre" y la "crisis" inmobiliaria. p. 54. |
| 505 0# - NOTA DE CONTENIDO CON FORMATO |
| Título |
VI. La formación de la primera periferia. p. 65. |
| 505 0# - NOTA DE CONTENIDO CON FORMATO |
| Título |
VII. El 1900: las nuevas leyes y la nueva administración. p. 78. |
| 505 0# - NOTA DE CONTENIDO CON FORMATO |
| Título |
VIII. El Plan Regulador de 1909. p. 91. |
| 505 0# - NOTA DE CONTENIDO CON FORMATO |
| Título |
IX. Los años de posguerra. p. 104. |
| 505 0# - NOTA DE CONTENIDO CON FORMATO |
| Título |
X. Del Plan Regulador de 1909 al Plan Regulador de 1931. p. 117 |
| 505 0# - NOTA DE CONTENIDO CON FORMATO |
| Título |
XI. Las devastaciones y los suburbios. p. 130. |
| 505 0# - NOTA DE CONTENIDO CON FORMATO |
| Título |
XII. El crecimiento de la ciudad burguesa. p. 146. |
| 505 0# - NOTA DE CONTENIDO CON FORMATO |
| Título |
XIII. El EUR y el plan de 1942. p. 161. |
| 505 0# - NOTA DE CONTENIDO CON FORMATO |
| Título |
XIV. Los años de la posguerra. p. 174. |
| 505 0# - NOTA DE CONTENIDO CON FORMATO |
| Título |
XV. La gran expansión. p. 186. |
| 505 0# - NOTA DE CONTENIDO CON FORMATO |
| Título |
XVI. Cultura, política, urbanismo de 1950 a 1960. p. 203. |
| 505 0# - NOTA DE CONTENIDO CON FORMATO |
| Título |
XVII. Hacia el nuevo plan regulador. p. 219. |
| 505 0# - NOTA DE CONTENIDO CON FORMATO |
| Título |
XVIII. El EUR y el "Plan de los Juegos Olímpicos". p. 230 |
| 505 0# - NOTA DE CONTENIDO CON FORMATO |
| Título |
XIX. La última tapa. p. 245. |
| 505 0# - NOTA DE CONTENIDO CON FORMATO |
| Título |
XX. Roma 1962. p. 259 |
| 505 0# - NOTA DE CONTENIDO CON FORMATO |
| Título |
Cronología de los trabajos para el nuevo plan regulador (1950-1962). p. 275 |
| 648 ## - MATERIA - TERMINOS CRONOLOGICOS |
| Termino cronologico |
Siglo 20 |
| -- |
27240 |
| 650 #4 - MATERIA - TERMINO TEMATICO |
| Término temático general |
Urbanismo |
| General subdivision |
Planes reguladores |
| 651 #4 - MATERIA - NOMBRE GEOGRAFICO |
| Termino geografico |
Roma (Italia) |
| 9 (RLIN) |
3591 |
| 908 ## - SOPORTE |
| Soporte |
Imp |
| 930 ## - ACCESION |
| Numero de accesion (NR) |
1868 |
| 942 ## - FUENTE DE CLASIFICACION |
| Clasificacion |
Universal Decimal Classification |
| Tipo de item |
Libro |
| 945 ## - INFORMACION DE PROCESAMIENTO |
| Fecha de ingreso o modificacion |
2025-10-16 |
| 980 ## - DECLARACIÓN DE EQUIVALENCIA O SERIE DE REFERENCIA CRUZADA - NOMBRE / TÍTULO PERSONAL [LOCAL, CANADÁ] |
| Código del operador |
5 |
| Nombre del operador |
María Machado |
| Código del operador que modifico el registro |
5 |
| Nombre del operador que modifico el registro |
María Machado |